Zahranično-obchodná politika Singapuru bakalárska práca

Salvato in:
Dettagli Bibliografici
Autore principale: Komarenko, Kateryna
Ente Autore: Fakulta medzinárodných vzťahov EU. Katedra medzinárodných ekonomických vzťahov a hospodárskej diplomacie
Altri autori: Ondriaš, Juraj, 1988-
Natura: Libro
Lingua:slovacco
Pubblicazione: Bratislava 2025
Tags: Aggiungi Tag
Nessun Tag, puoi essere il primo ad aggiungerne!!

MARC

LEADER 00000nbm a2200000 4500
001 0309663
005 20260114125210.4
041 0 |a slo 
044 |a SK 
245 1 0 |a Zahranično-obchodná politika Singapuru  |b bakalárska práca  |c Kateryna Komarenko ; školiteľ: Juraj Ondriaš 
264 1 |a Bratislava  |c 2025 
300 |a 56 s. 
100 1 |a Komarenko, Kateryna 
700 1 |a Ondriaš, Juraj, 1988- 
710 2 |a Fakulta medzinárodných vzťahov EU. Katedra medzinárodných ekonomických vzťahov a hospodárskej diplomacie